000 00990nam a2200301 4500
003 EC-UNACH
005 20251215144732.0
006 s||||gr|||| 00| 00
008 150116t9999 mx r gr 000 0 spa d
020 _aS/N
040 _aEC-UNACH
_cEC-UNACH
041 _aspa
082 0 4 _223
_a348.02
_bL018485
110 _aBig Copy
245 _aTeoría del derecho notarial Ecuatoriano
250 _aPrimera edición
264 _aEcuador
_bBig Copy
_c2006
300 _a193
505 _aCapitulo 1 El derecho notarial Capitulo 2 La escritura pública Capitulo 3 Procedimiento para el otorgamiento de la escritura publica Capitulo 4 Legislación tributaria Capitulo 5 El derecho notarial informático
650 _aDERECHO NOTARIAL
650 _aARANCELES NOTARIALES
650 _aRELACIÓN JURIDICA
700 _aRicardo López
942 _2ddc
_c1
999 _c14293